Khaki and the Ethnic Violence (Record no. 14453)

MARC details
000 -LEADER
fixed length control field 00590nam a2200241 a 4500
020 ## - INTERNATIONAL STANDARD BOOK NUMBER
ISBN 8188789
082 00 - DEWEY DECIMAL CLASSIFICATION NUMBER
Classification number 305.80954
Author Cutter KHA
100 ## - MAIN ENTRY--AUTHOR NAME
Author name Khalidi, Omar
245 ## - TITLE STATEMENT
Title Khaki and the Ethnic Violence
260 ## - PUBLICATION, DISTRIBUTION, ETC. (IMPRINT)
Place of publication Delhi
Name of publisher Three Essays
Year of publication 2003
300 ## - PHYSICAL DESCRIPTION
Number of Pages 126p
500 ## - GENERAL NOTE
General note includes index and biblioraphy
505 2# - FORMATTED CONTENTS NOTE
Formatted contents note Notes
650 ## - SUBJECT ADDED ENTRY--TOPICAL TERM
Topical Term Ethnic Conflict-India
942 ## - ADDED ENTRY ELEMENTS (KOHA)
Koha item type Books
700 1# -
-- Khalidi, Omar
Holdings
Collection code Home library Current library Date acquired Cost, normal purchase price Full call number Accession Number Koha item type
  Henry Martyn Institute Library Henry Martyn Institute Library 03/30/2007 150.00 305.80954 KHA 020892 Books
                   Copyright © 2026 | Henry Martyn Institute | Hyderabad | TS-500052 | INDIA | Implemented by hmi.edu.in
Hit-Count:

Powered by Koha